000 00349nam a2200157Ia 4500
003 OSt
005 20231117064253.0
008 170524s9999 xx 000 0 und d
020 _a0-7513-0377-1
040 _cIIMT
100 _aArdley - Suzanne
245 0 _aHome Design work books Bathroom
260 _bAxor
260 _c1998
942 _2ddc
_c02
999 _c6611
_d6611